Biblioteca

New Testament interpretation (Registro nro. 33369)

Detalles MARC
000 -LÍDER
Campo fijo de descripción fija 01712aam a2200313 i 4500
001 - NÚMERO DE CONTROL
Campo de control 768714001
003 - IDENTIFICADOR DEL NÚMERO DE CONTROL
Campo de control CO-MdFUSB
005 - FECHA Y HORA DE LA ULTIMA TRANSACCIÓN
control field 20240912121034.0
007 - CAMPO FIJO DE DESCRIPCIÓN FIJA--INFORMACIÓN GENERAL
Campo fijo de descripción fija ta
008 - ELEMENTOS DE LONGITUD FIJA -- INFORMACIÓN GENERAL
Campo fijo de descripción fija -- Información general 170407t1977 -us |||| |||| 00| 0 eng d
020 ## - NÚMERO INTERNACIONAL NORMALIZADO PARA LIBROS
Número Internacional Normalizado del libro 0853644241
040 ## - FUENTE DE CATALOGACIÓN
Agencia de catalogación original CO-MdFUSB
Idioma de catalogación spa
Agencia que realiza la transcripción CO-MdFUSB
Agencia que realiza la modificación CO-MdFUSBC
Convenciones de la descripción rda
041 0# - CÓDIGO DE IDIOMA
Código de idioma para texto/pista de sonido o título separado eng
082 04 - NÚMERO DE CLASIFICACIÓN DECIMAL DEWEY
Número de clasificación 225.6
Número de la edición del Dewey 23
Clave de autor-Numero de item M3671n
100 1# - ASIENTO PRINCIPAL--NOMBRE PERSONAL
Nombre personal Marshall, I. Howard
Término relacionador autor
245 10 - TÍTULO
Título del Material New Testament interpretation
Parte restante del título - Subtitulo : essays on principles and methods
Mención de responsabilidad, etc. / I. Haward Marshall
264 #1 - PRODUCCIÓN, PUBLICACIÓN, DISTRIBUCIÓN, MANUFACTURA, Y COPYRIGHT
Lugar de producción, publicación, distribución, manufactura Grand Rapids, MI., USA:
Nombre del productor, publicador, distribuidor Eerdmans,
Fecha de producción, publicación, distribución, manufactura, o copyright ©1977
264 #4 - PRODUCCIÓN, PUBLICACIÓN, DISTRIBUCIÓN, MANUFACTURA, Y COPYRIGHT
Fecha de producción, publicación, distribución, manufactura, o copyright ©1977
300 ## - DESCRIPCIÓN FÍSICA
Extensión 406 páginas
Dimensiones ; 23 cm
336 ## - TIPO DE CONTENIDO
Fuente rdacontent
Término de tipo de contenido texto
Código de tipo de contenido txt
337 ## - TIPO DE MEDIO
Fuente rdamedia
Nombre del tipo de medio sin mediación
Código del tipo de medio n
338 ## - TIPO DE SOPORTE
Fuente rdacarrier
Nombre del tipo de soporte volumen
Código Tipo de soporte nc
505 ## - NOTA DE CONTENIDO
Información miscelánea Parte I:
Título Los antecedentes de la interpretación:
Nota de contenido con formato preestablecido La historia del estudio del Nuevo Testamento. -- Presuposiciones de la crítica del Nuevo Testamento.
Información miscelánea Parte II:
Título El uso de métodos críticos en la interpretación:<br/>
Nota de contenido con formato preestablecido Semántica e interpretación del Nuevo Testamento. -- Preguntas de introducción. -- El trasfondo religioso. -- Crítica histórica. -- Crítica de fuentes. -- Crítica de formas. -- Historia de la tradición. -- Crítica de la redacción.
Información miscelánea Parte III:
Título La tarea de la exégesis:
Nota de contenido con formato preestablecido Cómo utilizar el Nuevo Testamento al Antiguo. -- Enfoques de la exégesis del Nuevo Testamento. -- La exégesis en la práctica: dos ejemplos.
Información miscelánea Parte IV:
Título El Nuevo Testamento y el lector moderno:
Nota de contenido con formato preestablecido Desmitologizar: el problema del mito en el Nuevo Testamento. -- La nueva hermenéutica. -- La autoridad del Nuevo Testamento.
563 ## - NOTA DE ENCUADERNACIÓN
Nota de encuadernación Rústico
630 07 - TITULO UNIFORME
Título uniforme Biblia.
Nombre de parte o sección de la obra Nuevo Testamento
942 ## - TIPO DE MATERIAL (KOHA)
Tipo de Item KOHA Libros General
945 ## - INFORMACIÓN LOCAL DEL REGISTRO
Catalogador JTF-925
Existencias
Estado de Material Estado de Perdido Forma de Clasificación Estado de Dañado No para Préstamo Colección Tomo Biblioteca de Origen Biblioteca Permanente Fecha de Adquisición Área Total de Préstamos Signatura Topográfica Código de Barras Última vez visto Ejemplar/Existencia Fecha de Remplazo Tipo de Material
    Dewey Decimal Classification     Colección General   Biblioteca FUSBC Biblioteca FUSBC 12/09/2024 BIBLIA   G 225.6 M3671n 23599 12/09/2024 Ej. 1 26/01/2016 Libros General

Biblioteca FUSBC | Teléfono: (57+4) 349 88 10 Ext. 141| WhatsApp (+57) 3005338115 
E-mail: biblioteca@unisbc.edu.co | Calle 76 87-14 Robledo Palenque, Medellín, Colombia

Con tecnología Koha